000
00292pab a2200121 454500
008
180718b xxu||||| |||| 00| 0 eng d
100
_a
Madhusudan, G.R.
245
_a
Dithering trade union movement
650
_a
Trade Unions
650
_a
Labour
773
_a
Financial Express
909
_a
22679
999
_c
22679
_d
22679